| 000 | 00356nam a22001457a 4500 | ||
|---|---|---|---|
| 003 | OSt | ||
| 005 | 20160727222354.0 | ||
| 008 | 160622b xxu||||| |||| 00| 0 eng d | ||
| 040 | _ctest | ||
| 100 |
_9492 _aAsimov, I |
||
| 245 | _aAsimov's New Guide to Science | ||
| 260 |
_aEng _bPenguin _c1984 |
||
| 300 | _aAsimov's New Guide to Science | ||
| 942 |
_2ddc _cBK |
||
| 999 |
_c408 _d408 |
||